LEADER 02970nam a2200361 a 4500 001 000000117409 003 CaOOAMICUS 005 20091015103011.0 008 091015s1568 sz u001 u lat r 026 $aodt, s.*.$btia- Taqu (3)$c1568 (A) 040 $aPUL$bita$dARIA 100 1 $aBonfini, Antonio,$d1427-1502.$0(OLS)http://pul/name/73230 245 10$aAntonii Bonfinii rerum Ungaricarum decades quatuor, cum dimidia. Quarum tres priores, ante annos XX, Martini Brenneri Bistriciensis industria editae, jamque diversorum aliquot codicum manuscriptorum collatione multis in locis emendatiores: quarta vero decas, cum quinta dimidia, nunquam antea excusae Ioan. Sambuci... opera ac studio nunc demum in lucem proferuntur: una cum rerum ad nostra usque tempora gestarum appendicibus aliquot, quorum feriem versa Pagina indicabit. 260 $aBasileae :$bex officina Oporiniana,$c1568$e(Basileae :$fper Bartholomaeum Franconem, et Paulum Quecum, sumptibus partim successorum oporini, partim Sigismundi Feirabent,$gAnno Domini 1568 mense martio) 300 $a[3], 923, [15] p. ;$cfol. (35 cm) 500 $aSegnatura: [alfa]6 a-b5 c-z6 A-Z6 Aa-Zz6 AA-LL6 500 $aInclude indici. 500 $aIniziali xil. 500 $aPresenza di registro sul v. del colophon. 500 $aIn calce al front.: Cum Caes. Maiest. gratia et privilegio ad annos sex. 500 $aPresenza di dedicatoria per opera dell'autore a Invictiss. Potentissimo que Caesari Maximilano II, Unagariae, Boiemiae... a c. [3]r del fascicolo [alfa]6 662 $aSvizzera$dBasilea.$0(OLS)http://pul/subject/37030 700 1 $aBrenner, Martin.$0(OLS)http://pul/name/73234 700 1 $aSambucus, Johannes,$d1531-1584.$0(OLS)http://pul/name/14177 710 2 $aOfficina Oporiniana$4pbl.$0(OLS)http://pul/name/73233 850 $aPUL 852 $aPUL$W1$xDP1 Antico 500$y12$m128 E 1$j134739$qStampati Antico$B133710$CPULBib$Z2$F133710 $82 856 0$uhttp://aquabrowser.pul.it/cinquecentine/128E1-1.jpg 856 0$uhttp://aquabrowser.pul.it/cinquecentine/128E1-2.jpg 941 1 $a15 961 $aAbrasioni (ad inchiostro) di diverse parti del testo.Note mss. sul front. e sul v. del front. Nota mss. di possesso sul front.: Collegij Germ.ci et Hung.ci Bibl. sup.is.Precedenti collocazioni: O. IV. 25.Precedente appartenenza: Collegio Germanico - Bibl. Sup. 996 $6245$aAntonii Bonfinii rerum Ungaricarum decades quatuor, cum dimidia. Quarum tres priores, ante annos XX, Martini Brenneri Bistriciensis industria editae, jamque diversorum aliquot codicum manuscriptorum collatione multis in locis emendatiores: quarta vero decas, cum quinta dimidia, nunquam antea excusae Ioan. Sambuci... opera ac studio nunc demum in lucem proferuntur: una cum rerum ad nostra usque tempora gestarum appendicibus aliquot, quorum feriem versa Pagina indicabit.$9(OLS)http://pul/title/147749 996 $6260$aBasileae :$bex officina Oporiniana$9(OLS)http://pul/publisher/65861 LEADER 02911nam a2200397 u 4500 001 000000073747 003 CaOOAMICUS 005 20070226122402.0 008 021030s2002 nyu u000 u eng u 020 $a094132091x 035 $a10943329 040 $aPUL(R)$bita 245 00$aInternational law & world order :$bbasic documents /$cedited by Burns H. Weston and Jonathan C. Carlson. 246 3 $aInternational law and world order 260 $aNew York :$bTransnational Publishers,$c2002. 300 $a5 v. in 8 v. ;$c24 cm 500 $aContiene appendici. 505 0 $av.1: Constitutive/Organic -- v.2: War/Peace -- v.3: Human rights/Social Justice (Binders 3 and 3A) -- v.4: Trade/Development (Binders 4 and 4A) -- v.5: Earth-Space environment (Binders 5 and 5A). 650 4$aDiritto internazionale$xFonti.$0(OLS)http://pul/subject/18427 650 4$aTrattati di diritto.$0(OLS)http://pul/subject/25859 700 1 $aCarlson, Jonathan C.$0(OLS)http://pul/name/48863 700 1 $aWeston, Burns H.,$d1933-$0(OLS)http://pul/name/48862 850 $aPUL 852 $aPUL$W1$xDP2 Diritto e Scienze Sociali 2$y100$mUtrCiv G 8.1$j95273$av.1$qStampati altre collocazioni$B95273$CPULBib$Z2$F95273 $H90312 $82 852 $aPUL$W1$xDP2 Diritto e Scienze Sociali 2$y100$mUtrCiv G 8.2$j125459$av.2$qStampati altre collocazioni$B124188$CPULBib$Z2$F124188 $H90309 $82 852 $aPUL$W1$xDP2 Diritto e Scienze Sociali 2$y100$mUtrCiv G 8.3$j125460$av.3$qStampati altre collocazioni$B124189$CPULBib$Z2$F124189 $H90313 $82 852 $aPUL$W1$xDP2 Diritto e Scienze Sociali 2$y100$mUtrCiv G 8.3a$j125461$av.3a$qStampati altre collocazioni$B124190$CPULBib$Z2$F124190 $H90308 $82 852 $aPUL$W1$xDP2 Diritto e Scienze Sociali 2$y100$mUtrCiv G 8.4$j125463$av.4$qStampati altre collocazioni$B124192$CPULBib$Z2$F124192 $H90311 $82 852 $aPUL$W1$xDP2 Diritto e Scienze Sociali 2$y100$mUtrCiv G 8.4a$j125464$av.4a$qStampati altre collocazioni$B124193$CPULBib$Z2$F124193 $H90307 $82 852 $aPUL$W1$xDP2 Diritto e Scienze Sociali 2$y100$mUtrCiv G 8.5$j125465$av.5$qStampati altre collocazioni$B124194$CPULBib$Z2$F124194 $H90310 $82 852 $aPUL$W1$xDP2 Diritto e Scienze Sociali 2$y100$mUtrCiv G 8.5a$j125466$av.5a$qStampati altre collocazioni$B124195$CPULBib$Z2$F124195 $H90314 $82 941 1 $a10 996 $6020$a094132091x$9(OLS)http://pul/number/95222 996 $6245$aInternational law & world order :$bbasic documents$9(OLS)http://pul/title/96908 996 $6246$aInternational law and world order$9(OLS)http://pul/title/96909 996 $6260$aNew York :$bTransnational Publishers$9(OLS)http://pul/publisher/74395